| 000 | 00695nam a2200205Ia 4500 | ||
|---|---|---|---|
| 005 | 20260114154802.0 | ||
| 008 | 008 250103s9999 xx 000 0 eng d | ||
| 037 | _aTheses | ||
| 040 |
_aCRL _beng _cCRL |
||
| 041 |
_aeng _2eng |
||
| 084 | _qCRL | ||
| 100 |
_aGupta Surbhi Au. _9865975 |
||
| 245 | 0 | _aCRISPR-cas system's functional role in regulation of antibiotic resistance and virulence in uropathogenic E. coli | |
| 260 |
_aDelhi _bUniveristy of Delhi. Faculty of Medical Sciences. Department of B.R. Ambedkar Center for Biomedical Research _c2021 |
||
| 300 | _a135p. | ||
| 650 |
_aScience _9865976 |
||
| 700 |
_a Yadav Manisha Gu. _9865977 |
||
| 942 | _cTH | ||
| 999 |
_c1468270 _d1468270 |
||